|
|
|
|
| LEADER |
00000nab a2200000 a 4500 |
| 001 |
vtls000231762 |
| 003 |
SK-MaSNL |
| 005 |
20260304020859.0 |
| 008 |
111130c1985 xo 0 slo |
| 015 |
|
|
|a SNBRB19rr/mm-uuuuu
|
| 035 |
|
|
|a CL0241876
|
| 040 |
|
|
|a SNKBUCL
|b slo
|c SNKBUCL
|e AACR2
|
| 041 |
0 |
|
|a slo
|
| 044 |
|
|
|a xo
|c SK
|
| 080 |
|
|
|a 7(47):7(437)
|2 1981
|
| 080 |
|
|
|a 7(437)
|2 1981
|
| 100 |
1 |
|
|a Čerevka, Vladimír,
|d 1931-2014
|4 aut
|9 13418
|
| 245 |
1 |
0 |
|a Tvorivá spolupráca
|c Vladimír Čerevka
|
| 650 |
0 |
7 |
|a umenie sovietske
|2 snkbucl
|9 1206067
|
| 650 |
0 |
7 |
|a umenie československé
|2 snkbucl
|9 946972
|
| 655 |
|
7 |
|a články z novín a časopisov
|2 snkbucl
|9 267496
|
| 773 |
0 |
|
|t Nové slovo
|g Roč. 27, č. 48 (1985)
|
| 850 |
|
|
|a Slovenská národná knižnica v Martine
|a MTA001
|
| 852 |
|
|
|a SNK
|b KIS3GCP
|
| 958 |
|
|
|a RK
|
| 992 |
|
|
|a RBX
|
| 999 |
|
|
|c 2601871
|d 2603801
|